Précis sur le cholera morbus et sur la contagion (Record no. 152285)

MARC details
000 -LEADER
campo de control de longitud fija 00726nam a22001815i 4500
001 - NÚMERO DE CONTROL
campo de control 152285
003 - IDENTIFICADOR DE NÚMERO DE CONTROL
campo de control ES-MaACL
005 - FECHA Y HORA DE LA ÚLTIMA TRANSACCIÓN
campo de control 20250901032927.0
008 - DATOS DE LONGITUD FIJA--INFORMACIÓN GENERAL
campo de control de longitud fija 051014s1831 fr | |||||||| ||fre d
040 ## - FUENTE DE CATALOGACIÓN
Centro catalogador/agencia de origen CAM
Lengua de catalogación spa
Centro/agencia transcriptor CAM
100 1# - ENTRADA PRINCIPAL--NOMBRE DE PERSONA
Nombre de persona Bodin, Laurent.
9 (RLIN) 29707
245 10 - MENCIÓN DEL TÍTULO
Título Précis sur le cholera morbus et sur la contagion
Resto del título : ouvrage utile non seulement aux médecins, mais encore aux administrateurs civils et militaires, aux chefs d'établissement, etc. /
Mención de responsabilidad, etc. par Laurent Bodin.
260 ## - PUBLICACIÓN, DISTRIBUCIÓN, ETC.
Lugar de publicación, distribución, etc. Tours :
Nombre del editor, distribuidor, etc. [s.n.],
Fecha de publicación, distribución, etc. 1831 (
Fabricante Imprimerie de Amand Mame)
300 ## - DESCRIPCIÓN FÍSICA
Extensión 79 p. ;
Dimensiones 21 cm.
650 #7 - PUNTO DE ACCESO ADICIONAL DE MATERIA--TÉRMINO DE MATERIA
Término de materia o nombre geográfico como elemento de entrada Cólera
Fuente del encabezamiento o término embne
9 (RLIN) 11143
852 ## - LOCALIZACIÓN
Ubicación ES-MaACL
Número de control de estantería T-486-F-3
Nota libre -- Enc. hol.
-- -- Enc. en un vol. facticio
Holdings
Estatus retirado Estado de pérdida Estado de daño No para préstamo Colección Biblioteca de origen Biblioteca actual Ubicación en estantería Fecha de adquisición Total de préstamos Signatura topográfica completa Código de barras Visto por última vez Precio de reemplazo Tipo de ítem Koha
        Colección de folletos Biblioteca del Ateneo de Madrid Biblioteca del Ateneo de Madrid Depósito folletos 17/01/2008   T-486-F-3 1158997 23/02/2023 23/02/2023 Folleto